[Event "Rzeszow CC-ch"]
[Site "Rzeszow"]
[Date "2008.02.04"]
[Round "8"]
[White "Zakorczmenny, Tadeusz"]
[Black "Szulc, Mieczyslaw"]
[Result "1/2-1/2"]
[WhiteElo "1867"]
[BlackElo "1846"]
[PlyCount "42"]
[EventDate "2008.02.04"]
[EventType "tourn"]
[EventRounds "9"]
[EventCountry "POL"]
[SourceTitle "EXT 2010"]
[Source "ChessBase"]
[SourceDate "2010.11.25"]
[SourceVersion "1"]
[SourceVersionDate "2010.11.25"]
[SourceQuality "1"]

1. e4 e5 2. Nf3 Nc6 3. Bb5 a6 4. Ba4 d6 5. c3 Bd7 6. 0-0 Be7 7. Re1 Nf6 8. d4 b5 9. Bc2 0-0 10. Nbd2 Re8 11. Nf1 Bf8 12. Ng3 g6 13. Be3 Bg7 14. h3 Na5 15. b3 Qe7 16. Qd2 c5 17. d5 c4 18. b4 Nb7 19. a4 Qf8 20. Ra2 h6 21. Rea1 Kh7 1/2-1/2